| 000 | 00438nam a2200193Ia 4500 | ||
|---|---|---|---|
| 005 | 20251020182547.0 | ||
| 008 | 200515s9999 xx 000 0 und d | ||
| 082 | _a762/P66 | ||
| 100 | _aPLA, Jaume | ||
| 245 | 0 | _aTécnicas del grabado calcográfico y su estampación | |
| 250 | _a2a ed. | ||
| 260 | _aBarcelona | ||
| 260 | _c1977 | ||
| 300 | _a181 | ||
| 650 | _aCALCOGRAFIA | ||
| 650 | _aGRABADO | ||
| 650 | _aLIB | ||
| 942 | _cLIB | ||
| 999 |
_c2603 _d2603 |
||